| 000 | 01085nam a2200277 a 4500 | ||
|---|---|---|---|
| 001 | 25648 | ||
| 003 | CO-ViMGA | ||
| 008 | 141112s2004 ck r 000 u spa d | ||
| 020 | _a9789586958646 | ||
| 040 |
_aCO-ViMGA _bspa _cCO-ViMGA |
||
| 041 | _aSPA | ||
| 090 | _aN ACO2 | ||
| 100 | 1 |
_aAcosta de Samper, Soledad, 1833 - 1913 _939384 |
|
| 245 | 1 | 0 |
_aLaura, constancia y una venganza : _btres novelas de Soledad Acosta de Samper / _cSoledad Acosta de Samper ; edición, prólogo y notas de Carolina Alzate |
| 250 | _a1a ed. | ||
| 260 |
_aBogotá : _bUniversidad de los Andes, _cFacultad de Artes y Humanidades, _cDepartamento de Humanidades y Literatura, _cInstituto Caro y Cuervo, _c2013 |
||
| 300 | _a242 p. | ||
| 505 | _aLura - - - Costancia - - Una venganza | ||
| 600 |
_aACOSTA DE SAMPER, SOLEDAD, 1833 - 1913 _939385 |
||
| 650 | 1 | 4 |
_aAUTORES COLOMBIANOS _932 |
| 650 | 1 | 4 |
_aMUJERES COMO AUTORAS - COLOMBIA _939386 |
| 650 | 1 | 4 |
_aNOVELA COLOMBIANA - SIGLO XIX _939387 |
| 700 | 1 |
_aAlzate, ed., Carolina _939388 |
|
| 700 | 1 |
_aAlzate, ed., Carolina _939388 |
|
| 942 |
_2ddc _cBK |
||
| 999 |
_c5221 _d5221 |
||